Представление документа в формате RUSMARC

ПолеНазваниеЗначение
  Тип записи i
  Библиографический уровень m
001 Контрольный номер RU/IS/BASE/370016858
005 Дата корректировки 20260602141241.2
010 Индекс ISBN __
a ISBN 978-5-9677-1445-0 (в кор.)
d Цена 288-00; 302-66; 293-63
100 Данные общей обработки __
a Данные общей обработки 19141106d2011||||||| 0rusy0189 ca
101 Язык документа 0_
a Язык текста rus
102 Страна публикации __
a Страна публикации ru|
105 Кодированные данные (монография) __
a Кодированные данные (монография) mun||||||z|zy
127 Кодированные данные (звукозаписи-физические характеристики) __
a Продолжительность проигрывания 14 ч 32 мин
200 Заглавие и сведения об ответственности 1_
a Заглавие Есть, молиться, любить
e Сведения, относящиеся к заглавию [один год из жизни женщины в путешествии по Италии, Индии и Индонезии в поисках всего : автобиогр. роман : аудиокнига : 16+]
f Первые сведения об ответственности Элизабет Гилберт ; [исполняет Елена Яценко ; звукорежиссер Антон Лушев ; продюсеры Елена Лихачева и Дмитрий Креминский]
b Общее обозначение материала Звукозапись
210 Выходные данные 1_
a Место издания Москва
c Издательство 1С-Паблишинг
d Дата издания 2011
215 Физическое описание __
a Объем 1 электрон. опт. диск (Audio CD)
c Иллюстрации/тип воспроизводства mp3, stereo
225 Серия 2_
a Серия Бестселлер "The New York Times"
225 Серия 2_
a Серия 1С: Аудиокниги
230 Специфическая характеристика материала: электронные ресурсы __
a Обозначение и объем ресурса Электронные звуковые данные
323 Примечание о главных создателях, исполнителях, участниках __
a Примечание о главных создателях, исполнителях, участниках Яценко, Е. (читает)
330 Аннотация __
a Аннотация Книга о том, как можно найти радость там, где не ждешь, и как не нужно искать счастье там, где его не будет. Современная книга о современной женщине, для которой есть, молиться, любить - значит получать удовольствие от жизни.
333 Примечание о целевом назначении __
a Примечание о целевом назначении 16+. Для детей старше 16 лет
337 Примечание о системных требованиях (электронные ресурсы) __
a Примечание о системных требованиях (электронные ресурсы) Системные требования: MS Windows ; Pentium 100; RAM 16 Мб ; монитор SVGA, 800х600 ; устройство воспроизведения DVD/CD ROM ; звуковая карта ; колонки или наушники ; мышь
606 Тематические рубрики __
a Основная рубрика Художественная литература
606 Тематические рубрики __
a Основная рубрика Литература Америки (произведения)
y Географическая подрубрика США
610 Ключевые слова 0_
a Ключевые слова автобиографические романы
a Ключевые слова американская литература
a Ключевые слова женская проза
a Ключевые слова зарубежная литература
a Ключевые слова иностранная литература
a Ключевые слова романы
a Ключевые слова тема взаимоотношений
a Ключевые слова тема женщины
a Ключевые слова тема любви
a Ключевые слова тема мужчины
a Ключевые слова тема поиска
a Ключевые слова тема религии
a Ключевые слова тема судьбы
a Ключевые слова тема счастья
686 Индексы других классификаций __
2 Код системы rubbks
a Классификационный индекс 84(7Сое)6-4я04; ст84(7Сое)-4я0
700 Автор _1
a Фамилия Гилберт
b Имя Э.
g Полное личное имя Элизабет
4 Код отношения 070
702 Вторичная интеллектуальная ответственность _1
a Фамилия Лушев
b Имя А.
4 Код отношения Звукорежиссер
4 Код отношения 570
702 Вторичная интеллектуальная ответственность _1
a Фамилия Лихачева
b Имя Е.
4 Код отношения Продюсер
4 Код отношения 570
702 Вторичная интеллектуальная ответственность _1
a Фамилия Креминский
b Имя Д.
4 Код отношения Продюсер
4 Код отношения 570
801 Источник записи _0
a Страна ru
b Организация Муниципальное бюджетное учреждение культуры "Централизованная библиотечная система" г. Сургут (Центральная городская библиотека им. А. С. Пушкина)
c Дата составления 20141106
g Правила каталогизации КиК/Елгина; КиК/Апакова; КиК/Лукашук
801 Источник записи _1
a Страна ru
b Организация Муниципальное бюджетное учреждение культуры "Централизованная библиотечная система" г. Сургут (Центральная городская библиотека им. А. С. Пушкина)
c Дата составления 20141106
g Правила каталогизации КиК/Елгина; КиК/Апакова; КиК/Лукашук
852 Данные о местонахождении __
j Шифр хранения 84(7Сое)6-4я04
i Авторский знак Г 47
901 Тип документа 1_
t Тип документа 0
903 Характеристики (МАРС) __
a Дата передачи 20141106; 20140328; 20110922
969 Тип издания __
a Тип издания аудиокнига; издание для слепых
990 Данные о заказе (DOS) __
j Количество экземпляров (DOS) 3; 9; 1
h N записи в КСУ для Б/У (DOS) 201110
t N записи в КСУ для И/У (DOS) 201411; 201404
996 Контроль за деятельностью лиц, находящихся под иностранным влиянием __
b Текстовое указание Содержит информацию о наркотических или психотропных веществах, употребление которых опасно для здоровья. Их незаконный оборот влечет уголовную ответственность (18+)